01290 2200265 4500001002100000005001500021035002000036090000900056020002200065100002700087650001100114245007700125264002400202008004100226082001100267084002000278260004700298300004100345700002800386520054200414990001800956990001800974990001600992990001601008INLIS00000000003196520230109030426 a0010-0619031965 39.31 a978-602-51556-4-20 aAbdul Qolikepengarang 4aGurami1 aBudidaya gurame agar cepat besar /cAbdul Qolik; penyunting, Nur Iswarso ijaz Pustaka Mandiri230109 g 0 ind  a639.31 aSR 639.31 ABD b aYogyakarta :bHijaz Pustaka Mandiri,c2022 aiv, 92 halaman :bIlustrasi ;c21 cm0 aNur Iswarsoepenyunting aNilai jual ikan gurame semakin tinggi seiring dengan banyaknya warung yang menyediakan makanan ikan gurame. Selain rasanya yang nikmat, ikan ini juga kaya akan nilai gizi. Oleh karenanya, membudidayakan ikan gurame memiliki potensi bisnis yang besar. Buku ini berupaya memberikan penjelasan mengenai bagaimana membenihkan dan mmebudidayakan gurame dengan mudah dan sukses. Ditulis dengan bahasa yang mudah dipahami dan dilengkapi ilustrasi foto, buku ini akan menjadi pemandu Anda dalam mengembangkan budidaya hewan yang menjanjikan ini. a036716.044065 a036716.044066 a51198.64018 a51199.64019